01060nam a2200265 i 450000100060000000300090000600500170001500700030003200800410003524501750007625000120025126000300026330000350029349000390032865000330036770000330040070000340043370000470046770000440051471000310055883000470058985200210063699900170065795201200067429880ES-MaACL20250722131801.0t|030123s1971 sp ||||1| spa d03aLa base molecular de la vida / cversión española dirigida por Julio R. Villanueva ; traductores, Isabel García Acha, Manuel Losada, Claudio Fernández de Heredia. a1ª ed. aMadrid : bBlume, c1971. a433 p. : bil. col. ; c28 cm.1 aSelecciones de Scientific American 4aBiología molecular.9105891 aVillanueva, Julio R.91812881 aGarcía Acha, Isabel.9541151 aLosada Villasante, Manuel, d1929-91720221 aFernández de Heredia, Claudio.9496642 aScientific American.965151 aSelecciones de Scientific American9181289 aES-MaACLjA-5956 c29880d29880 00104070aATENEOMbATENEOMcSPP1d2008-01-17eSCl0oA-5956p1030849r2023-02-23 00:00:00w2023-02-23yMONOGRAFIA